| 000 | 00336nam a22001337a 4500 | ||
|---|---|---|---|
| 008 | 230704b xxu||||| |||| 00| 0 eng d | ||
| 020 | _a9211004993 | ||
| 082 |
_a341.23 _bUN |
||
| 110 | _bUnited Nations | ||
| 245 | _aBasic facts About the united nations | ||
| 260 |
_aNew york _bUnited Nations _c1992 |
||
| 300 | _a291p | ||
| 942 |
_2ddc _cBK |
||
| 999 |
_c3804 _d3804 |
||